000 00697nam a2200241Ia 4500
003 OSt
005 20220923214716.0
006 a|||||r|||| 00| 0
007 ta
008 220922b |||||||| |||| 00| 0 hin d
024 _a171,898
037 _cTextual
040 _aARTS
_cARTS
_bhin
041 _2hin
_ahin
082 _aO152,3N304x, L2
100 _aचौहान, विजय
245 0 _aएक बुतशिकन का जन्म
246 _aEk butashikan kā janma
260 _c1972
650 _aहिन्दी साहित्य
_9156264
942 _hO152,3N304x, L2
_cTEXL
_2CC
999 _c326039
_d326039